| 000 | 00416nam a2200169Ia 4500 | ||
|---|---|---|---|
| 003 | LK-CoDNM | ||
| 008 | 010623t xxu||||| |||| 00| 1 eng d | ||
| 040 |
_aLK-CoDNM _dLK-CoDNM _eLK-CoDNM |
||
| 041 | _aeng | ||
| 080 | _a001[4] | ||
| 100 | _aDederick,Nellie | ||
| 245 | _aOur People Inquiring And Learning | ||
| 260 | _bGinn And Company | ||
| 300 | _b416p.;26 cm cm | ||
| 700 | _aMackenzie,Josephine | ||
| 942 | _cBK | ||
| 999 |
_c135221 _d135221 |
||